000 00670nam a22002057a 4500
999 _c15010
_d15010
008 200205b ||||| |||| 00| 0 eng d
020 _a978-1-260-56561-4
082 _22020
_aDC 658.32
_bG315
100 _aGerhart, Barry
_941667
245 _aCompensation/
_cBarry Gerhart and Jerry M. Newman
250 _aThirteenth Edition
260 _aNew York:
_bMcGraw-Hill Education,
_c©2020.
300 _axviii, 750 pages:
_billustrations;
_c23 cm.
500 _aIncludes glossary and index.
650 _aCompensation management.
_941668
651 _aSalaries, wages, etc.
_941669
700 _aNewman, Jerry M.
_941670
365 _b5,995.00
_cPhp
942 _2ddc
_cDC